| 000 | 00609nam a2200193 4500 | ||
|---|---|---|---|
| 001 | 26686 | ||
| 005 | 20230410120839.0 | ||
| 008 | 060907n1996 dr spa | ||
| 020 | _a9051839340 | ||
| 035 | _9funglode26888 | ||
| 041 | _aEN | ||
| 050 | 1 | 4 | _aHX 806 P293j 1996 |
| 100 | _aPastor Bodmer, Beatriz | ||
| 245 | 1 | 3 |
_aEl jardin y el peregrino : _bensayos sobre el pensamiento utópico latinoamericano 1492-1695 / _cBeatriz Pastor Bodmer |
| 260 |
_aAmsterdam - Atlanta : _bRodopi, _c1996 |
||
| 300 | _av, 366 p. | ||
| 440 |
_aCol. Teoría literaria : texto y teoría ; _v19 |
||
| 942 |
_2lcc _cbk |
||
| 999 |
_c53047 _d53047 |
||